Dobrodružství Billa Matlafouska

Hlavní autor: Laňka, David, 1974-
Další autoři: Deáková, Natália, 1981-, Kaiser, Oldřich, 1955-
Jazyk: Čeština
Vydáno: Praha : Radioservis, c2015
Témata:
Fyzický popis: 2 zvukové desky (98 min.) : digital
Zvukové nahrávky
Uloženo v:
LEADER 01494nim a2200409 a 4500
001 001462920
003 CZ BrMZK
005 20150827095505.0
007 sd^
008 150323p20152014xr cze
024 3 |a 8590236074927 
028 0 1 |a CRO749-2  |b Radioservis 
040 |a BOA001  |b cze 
072 7 |a 821.162.3-3  |x Česká próza  |2 Konspekt  |9 25 
072 7 |a 821-93  |x Literatura pro děti a mládež (beletrie)  |2 Konspekt  |9 26 
080 |a 821.162.3-32  |2 MRF 
080 |a (086.7.053.2)  |2 MRF 
080 |a (086.7)08  |2 MRF 
080 |a (086.76)  |2 MRF 
100 1 |a Laňka, David,  |d 1974-  |7 jn20010309453  |4 aut 
245 1 0 |a Dobrodružství Billa Matlafouska  |h [zvukový záznam] /  |c David Laňka 
260 |a Praha :  |b Radioservis,  |c c2015 
300 |a 2 zvukové desky (98 min.) :  |b digital 
500 |a Kompaktní desky 
500 |a Původní fonogram p2014 Český rozhlas 
508 |a Režie Natália Deáková 
511 0 |a Čte Oldřich Kaiser 
655 7 |a české příběhy  |7 fd133973  |2 czenas 
655 7 |a zvukové záznamy pro děti a mládež  |7 fd186726  |2 czenas 
655 7 |a audioknihy  |7 fd119452  |2 czenas 
655 7 |a kompaktní desky  |7 fd201991  |2 czenas 
700 1 |a Deáková, Natália,  |d 1981-  |7 jo2002112203  |4 drt 
700 1 |a Kaiser, Oldřich,  |d 1955-  |7 jn19990209336  |4 stl 
910 |a BOA001  |b CDR-1344.256 
990 |a AV 
991 |b 201508  |c NOV  |e db 
996 6 |b 2610628052  |c CDR-1344.256  |l MZK  |r Sklad / do 24 hodin  |n 1  |p p.v.  |w 001498431  |u 000010  |a 1  |e BOA001  |j MZK50  |s P